Normal view MARC view

Entry Personal Name

Number of records used in: 1

001 - CONTROL NUMBER

  • control field: 236143

003 - CONTROL NUMBER IDENTIFIER

  • control field: OSt

005 - DATE AND TIME OF LATEST TRANSACTION

  • control field: 20250818110300.0

008 - FIXED-LENGTH DATA ELEMENTS

  • fixed length control field: 250818|| aca||aabn | a|a d

040 ## - CATALOGING SOURCE

  • Original cataloging agency: OSt
  • Transcribing agency: OSt

100 ## - HEADING--PERSONAL NAME

  • Personal name: BORALINGAYYA (Hi Chi)

670 ## - SOURCE DATA FOUND

  • Source citation: Work cat.: (OSt)114858: BORALINGAYYA (Hi Chi)., Ujjani chaudamma; gramadevate adhyayana., 2001